000 00438nam a22001817a 4500
003 MPLRDC
005 20220104123416.0
008 210129b ||||| |||| 00| 0 eng d
020 _a7-80022-336-1
082 _a437.67 ZWZ
100 _a朱维正、杨振国编著
245 _a家庭养猫
_c
250 _a一版三刷
260 _a
_b金盾出版社
_c1992
300 _b
650 _a家畜--猫
942 _cBK
_o437.67 ZWZ
999 _c11194
_d11184